Statistics for Trick question towns: choose the country

Click here to take the quiz!

General Stats

  • This quiz has been taken 6 times
  • The average score is 8 of 20

Answer Stats

QuestionAnswer% Correct
GuamalataChile
80%
George TownMalaysia
80%
BoiseUSA
80%
BayreuthGermany
60%
SurinamMauritius
60%
OrenburgRussia
60%
GreenbayAntigua and Barbuda
40%
TsubetsuJapan
40%
SalosLithuania
40%
TotogalpaNicaragua
40%
MbutuyParaguay
40%
TrindadeSao Tome and Principe
40%
Ashby-de-la-ZouchUnited Kingdom
40%
RubikAlbania
20%
Boulogne Sur MerArgentina
20%
MolsheimFrance
20%
Jalal-AbadKyrgyzstan
20%
FiľakovoSlovakia
20%
RabakSudan
20%
PatnosTurkey
20%

Score Distribution

Percentile by Number Answered

Percent of People with Each Score

Your Score History

You have not taken this quiz